Φύλο και κοινωνική θεωρία

Αποθηκεύτηκε σε:
Λεπτομέρειες βιβλιογραφικής εγγραφής
Κύριος συγγραφέας: Evans, Mary, 1946-
Άλλοι συγγραφείς: Κιουπκιολής, Αλέξανδρος (Μεταφραστής)
Μορφή: Βιβλίο
Γλώσσα:Greek
English
Δημοσίευση: Αθήνα : Μεταίχμιο, 2004, c2003.
Σειρά:Μελέτες για το φύλο
Θέματα:
Ετικέτες: Προσθήκη ετικέτας
Δεν υπάρχουν, Καταχωρήστε ετικέτα πρώτοι!

MARC

LEADER 00000cam a2200000 i 4500
001 1/26192
008 060314s2003 gr | ||| |||| ||gre||
020 |a 9603757624 
035 |l 10083100 
040 |a GR-MyUa  |b gre  |e AACR2 
041 1 |a gre  |h eng 
082 7 |a 305.3   |2 (22) 
100 1 |a Evans, Mary,  |d 1946- 
245 1 0 |a Φύλο και κοινωνική θεωρία /   |c Mary Evans ; μετάφραση: Αλέξανδρος Κιουπκιολής. 
260 |a Αθήνα :   |b Μεταίχμιο,   |c 2004, c2003. 
300 |a 214 σ. ;   |c 23 εκ. 
490 1 |a (Μελέτες για το φύλο) 
500 |a Τίτλος πρωτοτύπου: Gender and social theory. 
504 |a Βιβλιογραφία: σ. 189-200. Ευρετήριο. 
650 0 |a Sex role  |x Sociological aspects. 
700 1 |a Κιουπκιολής, Αλέξανδρος,  |e trl 
830 0 |a Μελέτες για το φύλο 
852 |a INST  |b LESVOS  |e 20070611  |h 305.3 EVA  |p 005100038252  |q 005100038252  |t BK  |y 0 
852 |a INST  |b LESVOS  |e 20110630  |h 305.3 EVA  |p 005100048748  |q 005100048748  |t BK  |y 0 
852 |a INST  |b LESVOS  |e 20110622  |h 305.3 EVA  |p 005100048816  |q 005100048816  |t BK  |y 0 
852 |a INST  |b LESVOS  |e 20110622  |h 305.3 EVA  |p 005100048817  |q 005100048817  |t BK  |y 0 
852 |a INST  |b LESVOS  |e 20110622  |h 305.3 EVA  |p 005100048818  |q 005100048818  |t BK  |y 0 
852 |a INST  |b LESVOS  |e 20110622  |h 305.3 EVA  |p 005100048819  |q 005100048819  |t BK  |y 0 
852 |a INST  |b LESVOS  |e 20141022  |h 305.3 EVA  |p 005100055901  |q 005100055901  |t BK  |y 0 
852 |a INST  |b RHODES  |e 20060314  |h 305.3 EVA  |p 005400021248  |q 005400021248  |t BK  |y 0 
852 |a INST  |b RHODES  |e 20061110  |h 305.3 EVA  |p 005400023953  |q 005400023953  |t BK  |y 0 
852 |a INST  |b SYROS  |e 20080709  |h 305.3 EVA  |p 005500005719  |q 005500005719  |t BK  |y 0 
901 |a BIBL5-2008-2 
901 |a BIBL4-2006-1 
901 |a BIBL1-2007-2 
901 |a BIBL1-2011-2 
920 |a Φοιτητική Μεριμνα  |y Λέσβος  |z 2011-04 
920 |a Κεντρική Δράση Φύλου  |b ΕΠΕΑΕΚ ΙΙ-ΤΕΠΑΕΣ  |y Ρόδος  |z 2006-10 
922 |a 5ΕΛΗ  |b 200711  |c ΕΠΕΑΕΚ2/ΤΜΣΠΣ  |d Σ. Πατάκης 
922 |a 1ΕΛΗ  |b 200705  |c ΕΠΕΑΕΚ2/ΤΚ  |d Σ. Πατάκης 
970 |a Σιδερή  |b Νεκταρία  |z 13/03/2006